000 00392nam a2200169Ia 4500
008 230524s9999 xx 000 0 und d
020 _a0070587906
082 _a621.381
_bTOK
100 _aRoger L.Tokheim
245 0 _aDigital Electronics
250 _a6TH
260 _aNEW DELHI
_bTMH
_c2004
300 _aX;518
500 _aQuantity Number: 2
650 _aElectronics
942 _cBK
999 _c7554
_d7554